000 00324nam a2200133Ia 4500
008 190723s9999 xx 000 0 und d
020 _a978-81-203-1810-6
100 _aKerry Con
245 0 _aRed Hat Linux administrator's Guide
250 _a2rd
260 _aNew Delhi
_bPearson
_c2009
300 _a784:p
942 _cBK
999 _c1517
_d1517